书目信息 |
| 题名: |
建筑风景速写
|
|
| 作者: | 江海涛 , 牛隽 主编 | |
| 分册: | ||
| 出版信息: | 天津 天津大学出版社 2010.03 |
|
| 页数: | 101页 | |
| 开本: | 26cm | |
| 丛书名: | ||
| 单 册: | ||
| 中图分类: | TU204 | |
| 科图分类: | ||
| 主题词: | 建筑艺术--jian zhu yi shu--风景画--速写技法--中国--现代 | |
| 电子资源: | ||
| ISBN: | 978-7-5618-3400-8 | |
| 000 | 00995nam0 2200265 450 | |
| 001 | 012011731284 | |
| 005 | 20110105133424.50 | |
| 010 | @a978-7-5618-3400-8@dCNY38.00 | |
| 100 | @a20110105d2010 em y0chiy0120 ea | |
| 101 | 0 | @achi |
| 102 | @aCN@b120000 | |
| 105 | @aa z 000yy | |
| 106 | @ar | |
| 200 | 1 | @a建筑风景速写@Ajian zhu feng jing su xie@f江海涛, 牛隽主编@Fjiang hai tao,niu juan zhu bian |
| 210 | @a天津@c天津大学出版社@d2010.03 | |
| 215 | @a101页@c图@d26cm | |
| 312 | @a英文并列题名取自封面 | |
| 330 | @a在美术创作中,无论是油画、环艺、动画专业,还是园林、舞美专业,速写都是最基础且必不可少的基本功。本书可以帮助画者找到一种简单有趣的速写方法,从而解决风景速写中存在的某些疑难问题。 | |
| 510 | 1 | @aSketch architecture scenery@zeng |
| 606 | 0 | @a建筑艺术@Ajian zhu yi shu@x风景画@x速写技法@y中国@z现代 |
| 690 | @aTU204@v4 | |
| 701 | 0 | @a江海涛@Ajiang hai tao@4主编 |
| 701 | 0 | @a牛隽@Aniu juan@4主编 |
| 801 | 0 | @aCN@bRULIN@c20110105 |
| 905 | @b791317-21@dTU204@eJ366@f5 | |
| 建筑风景速写/江海涛, 牛隽主编.-天津:天津大学出版社,2010.03 |
| 101页:图;26cm |
| ISBN 978-7-5618-3400-8:CNY38.00 |
| 在美术创作中,无论是油画、环艺、动画专业,还是园林、舞美专业,速写都是最基础且必不可少的基本功。本书可以帮助画者找到一种简单有趣的速写方法,从而解决风景速写中存在的某些疑难问题。 |
| ● |
| 相关链接 |
|
|
|
正题名:建筑风景速写
索取号:TU204/J366
 
预约/预借
| 序号 | 登录号 | 条形码 | 馆藏地/架位号 | 状态 | 备注 |
| 1 | 791317 | 207913178 | 建筑库101/101建筑库 108排3列6层/ [索取号:TU204/J366] | 在馆 | |
| 2 | 791318 | 207913187 | 建筑库101/101建筑库 108排3列6层/ [索取号:TU204/J366] | 在馆 | |
| 3 | 791319 | 207913196 | 建筑库101/101建筑库 108排3列6层/ [索取号:TU204/J366] | 在馆 | |
| 4 | 791320 | 207913203 | 建筑库101/101建筑库 108排3列6层/ [索取号:TU204/J366] | 在馆 | |
| 5 | 791321 | 207913212 | 建筑库101/101建筑库 108排3列6层/ [索取号:TU204/J366] | 在馆 |